000 00261nam a22001217a 4500
008 171215b xxu||||| |||| 00| 0 eng d
041 _aeng
080 _a77
100 _a47
101 _aEDU
245 _aTO THE ENGLISH LANGUAGE
_cTOM.M
942 _2udc
_cBK
999 _c39039
_d39039